R-Learning: Plataforma en línea con melodías que aumentan la concentración y capacidad de momorizar de las personas / (Registro nro. 2349)

Detalles MARC
000 -LEADER
campo de control de longitud fija 02518nam a22003857a 4500
001 - NÚMERO DE CONTROL
campo de control 42835
003 - IDENTIFICADOR DE NÚMERO DE CONTROL
campo de control gtgccic
005 - FECHA Y HORA DE LA ÚLTIMA TRANSACCIÓN
campo de control 20251015120202.0
007 - CAMPO FIJO DE DESCRIPCIÓN FÍSICA--INFORMACIÓN GENERAL
campo de control de longitud fija ta
008 - DATOS DE LONGITUD FIJA--INFORMACIÓN GENERAL
campo de control de longitud fija 251015b gt ||||| |||| 00| 0 spa d
040 ## - FUENTE DE CATALOGACIÓN
Centro catalogador/agencia de origen gtgccic
Lengua de catalogación spa
Centro/agencia transcriptor gtgccic
Normas de descripción rda
084 ## - OTRO NÚMERO DE CLASIFICACIÓN
Número de control del registro de autoridad o número normalizado TPI-15-0068
100 10 - ENTRADA PRINCIPAL--NOMBRE DE PERSONA
Nombre de persona Edwin Estuardo Zapeta Gómez
Fechas asociadas al nombre Ingeniero en Ciencias y Sistemas
Término indicativo de función/relación autor
245 10 - MENCIÓN DEL TÍTULO
Título R-Learning: Plataforma en línea con melodías que aumentan la concentración y capacidad de momorizar de las personas /
Mención de responsabilidad, etc. Zapeta Gómez, Edwin Estuardo
264 #1 - PRODUCCIÓN, PUBLICACIÓN, DISTRIBUCIÓN, FABRICACIÓN Y COPYRIGHT
Producción, publicación, distribución, fabricación y copyright Guatemala, Guatemala :
Nombre del de productor, editor, distribuidor, fabricante USAC, Facultad de Ingeniería ;
Fecha de producción, publicación, distribución, fabricación o copyright 2015.-
300 ## - DESCRIPCIÓN FÍSICA
Extensión xxvi, 92 pag.
Otras características físicas il. ;
Dimensiones 27 cm
336 ## - TIPO DE CONTENIDO
Fuente rdacontenido
Término de tipo de contenido Texto
Código de tipo de contenido txt
337 ## - TIPO DE MEDIO
Fuente rdamedio
Nombre/término del tipo de medio sin mediación
Código del tipo de medio n
338 ## - TIPO DE SOPORTE
Fuente rdasoporte
Nombre/término del tipo de soporte volumen
Código del tipo de soporte nc
502 ## - NOTA DE TESIS
Nota de tesis Tesis Postgrado
Tipo de título MAESTRO EN TECNOLOGÍAS DE LA INFORMACIÓN Y LA COMUNICACIÓN
Nombre de la institución que otorga el título USAC, Facultad de Ingeniería, Escuela de Postgrado
Año de obtención del título 2015
Identificador de la tesis TPI-15-0068
504 ## - NOTA DE BIBLIOGRAFÍA, ETC.
Nota de bibliografía, etc. Nota Bibliografía pag. 89
505 ## - NOTA DE CONTENIDO CON FORMATO
Título 1. ANTECEDENTES
505 ## - NOTA DE CONTENIDO CON FORMATO
Título 2. JUSTIFICACIÓN
505 ## - NOTA DE CONTENIDO CON FORMATO
Título 3. ALCANCES
505 ## - NOTA DE CONTENIDO CON FORMATO
Título 4. MARCO TEÓRICO
505 ## - NOTA DE CONTENIDO CON FORMATO
Título 5. ANÁLISIS MUSICAL
505 ## - NOTA DE CONTENIDO CON FORMATO
Título 6. BUSSINESS MODEL CANVAS
520 #3 - RESUMEN, ETC.
Sumario, etc. La música puede llegar a desarrollar las habilidades cognitivas de forma sorprendente y juega un papel importante a la hora de memorizar mientras se estudia, estudios coinciden en que la música sirve como un alto estímulo en el desarrollo del cerebro, sobre todo cuando se emplea de manera frecuente. Con esta premisa se desarrolló una plataforma de contenido musical, con melodías que contienen características como ritmo, baja frecuencia y armonía. El proceso de selección de melodías fue a través de Matlab, una herramienta utilizada para el procesamiento de señales de frecuencia y representación por medio de espectrogramas. El proceso de análisis se llevó a cabo por medio del espectro de frecuencias, utilizando la transformada de Fourier, este espectrograma realizado por medio de Matlab proporcionó datos como la amplitud de oscilación de las frecuencias que definirían a las melodías con baja o alta frecuencia, y de acuerdo a estas características se seleccionó un grupo de 15 melodías. Con las melodías seleccionadas se construyó un sitio web/móvil que alojó este contenido.
650 ## - PUNTO DE ACCESO ADICIONAL DE MATERIA--TÉRMINO DE MATERIA
Término de materia o nombre geográfico como elemento de entrada SISTEMAS MULTIMEDIA
650 ## - PUNTO DE ACCESO ADICIONAL DE MATERIA--TÉRMINO DE MATERIA
Término de materia o nombre geográfico como elemento de entrada DESARROLLO DE CAPACIDAD
651 ## - PUNTO DE ACCESO ADICIONAL DE MATERIA--NOMBRE GEOGRÁFICO
Nombre geográfico INDICADOR DE TIC
700 ## - ENTRADA AGREGADA--NOMBRE PERSONAL
Nombre de persona Msc. Ing. Ricardo Morales
Término indicativo de función/relación asesor
942 ## - ELEMENTOS DE ENTRADA SECUNDARIOS (KOHA)
Fuente de la clasificación o esquema de estantería Clasificación Decimal Dewey
Tipo de ítem Koha TESISPOSTGRADO
945 ## - PROCESAMIENTO DE INFORMACIÓN LOCAL (OCLC)
a amlo
Existencias
Estatus retirado Estado de pérdida Fuente de la clasificación o esquema de estantería Estado de daño No para préstamo Biblioteca de origen Biblioteca actual Fecha de adquisición Número de inventario Total de préstamos Signatura topográfica completa Código de barras Visto por última vez Precio de reemplazo Tipo de ítem Koha Nota pública
    Clasificación Decimal Dewey     CENTRO DE INFORMACIÓN A LA CONSTRUCCIÓN-CICON CENTRO DE INFORMACIÓN A LA CONSTRUCCIÓN-CICON 15/10/2025 P20150068   TPI-15-0068 20150068 15/10/2025 15/10/2025 TESISPOSTGRADO disponible